Stairs. (2nd ed.) (Record no. 76731)

MARC details
000 -LEADER
fixed length control field 01012nam a2200217 a 4500
008 - FIXED-LENGTH DATA ELEMENTS--GENERAL INFORMATION
fixed length control field 100119s2001 ||||||||||||||||| || u
020 ## - INTERNATIONAL STANDARD BOOK NUMBER
International Standard Book Number 0750648465
050 ## - LIBRARY OF CONGRESS CALL NUMBER
Classification number TH 5667 Bla
100 ## - MAIN ENTRY--PERSONAL NAME
Personal name Blanc, Sylvia
245 10 - TITLE STATEMENT
Title Stairs. (2nd ed.)
Statement of responsibility, etc. Alan Blanc; Sylvia Blanc
250 ## - EDITION STATEMENT
Edition statement 2nd ed.
260 ## - PUBLICATION, DISTRIBUTION, ETC.
Place of publication, distribution, etc. Oxford:
Name of publisher, distributor, etc. Achitectural Press
Date of publication, distribution, etc. 2001
300 ## - PHYSICAL DESCRIPTION
Extent vi, 232p.: ill.
350 ## -
-- 0.00
650 ## - SUBJECT ADDED ENTRY--TOPICAL TERM
Topical term or geographic name entry element STAIRCASES
650 ## - SUBJECT ADDED ENTRY--TOPICAL TERM
Topical term or geographic name entry element ARCHITECTURAL DESIGN--EVALUATION
700 ## - ADDED ENTRY--PERSONAL NAME
Personal name Blanc, Alan
995 ## -
-- MAIN LIBRARY OPEN ACCESS
-- 0.00
-- 740542
-- CBU-MAIN LIBRARY (Kitwe)
-- 1
-- 0.00
-- TH 5667 Bla
-- 1
-- AVAILABLE
-- Mar 11, 2010
-- 740542
-- Main Library Open Access Collection
995 ## -
-- MAIN LIBRARY OPEN ACCESS
-- 0.00
-- 743022
-- CBU-MAIN LIBRARY (Kitwe)
-- 1
-- 0.00
-- TH 5667 Bla
-- 3
-- AVAILABLE
-- Mar 26, 2012
-- 743022
-- Main Library Open Access Collection
995 ## -
-- MAIN LIBRARY OPEN ACCESS
-- 0.00
-- 742050
-- CBU-MAIN LIBRARY (Kitwe)
-- 1
-- 0.00
-- TH 5667 Bla
-- 2
-- AVAILABLE
-- Nov 24, 2010
-- 742050
-- Main Library Open Access Collection
999 ## -
-- 76731
-- 76731
Holdings
Withdrawn status Lost status Source of classification or shelving scheme Damaged status Not for loan Permanent Location Current Location Shelving location Date acquired Total Checkouts Full call number Barcode Date last seen Copy number Price effective from Koha item type
          CBU-MAIN LIBRARY, KITWE. CBU-MAIN LIBRARY, KITWE.   04/25/2023   TH 5667 Bla 740542 04/25/2023 1 04/25/2023 MONOGRAPH
          CBU-MAIN LIBRARY, KITWE. CBU-MAIN LIBRARY, KITWE.   04/25/2023   TH 5667 Bla 743022 04/25/2023 2 04/25/2023 MONOGRAPH
          CBU-MAIN LIBRARY, KITWE. CBU-MAIN LIBRARY, KITWE.   04/25/2023   TH 5667 Bla 742050 04/25/2023 3 04/25/2023 MONOGRAPH